Представление документа в формате MARC21

Поле Инд. ПП Название Значение
Тип записи a
Библиографический уровень m
001 Контрольный номер RU/IS/BASE/236169887
005 Дата корректировки 20220801123549.0
040 b Код языка каталог. rus
041 a Код языка текста rus
080 a Индекс УДК 004.42
084 a Индекс другой классификации/Индекс ББК 32.973.26-018
090 a Полочн. индекс 681.3
c Каталожный индекс 681.3.06
x Авторский знак В74
097 b Оператор 12
245 a Заглавие Вопросы программирования и автоматизация проектирования
b Продолж. заглавия сборник статей
n Номер части/ раздела Вып. 2
260 a Место издания Томск
b Издательство ТГУ
c Дата издания 1972
300 a Объем 172 с.
510 a Примечание о ссылках Книги и методические пособия
650 a Основная рубрика 50.05 Теоретические основы программирования
650 14 a Основная рубрика 50.51 Автоматизация проектирования
653 a Ключевые слова программирование; автоматизация проектирования
901 t Тип документа m